The Timeless way of building
Salvato in:
| Autore principale: | |
|---|---|
| Natura: | Libro |
| Lingua: | inglese |
| Pubblicazione: |
New York :
Oxford University Press,
1979
|
| Soggetti: | |
| Tags: |
Nessun Tag, puoi essere il primo ad aggiungerne!!
|
MARC
| LEADER | 00000nam a22000003a 4500 | ||
|---|---|---|---|
| 001 | stu153968 | ||
| 005 | 20150617225944.6 | ||
| 008 | 071211s1979----xxu-----------------eng-d | ||
| 020 | |a 0-19-502402-8 | ||
| 040 | |a STU |b slo | ||
| 041 | 0 | |a eng | |
| 044 | |a xxu | ||
| 100 | 1 | |a Alexander, Christopher |4 aut | |
| 245 | 1 | |a The Timeless way of building | |
| 260 | |a New York : |b Oxford University Press, |c 1979 | ||
| 300 | |a 551 s | ||
| 650 | 7 | |a architektúra počítačová |2 stusub | |
| 996 | |b I5890 |c I*5890 |l II680 |s A |a 24 |w stu153968_0001 | ||